1117 1970 1151 1302 1859 1421 1590 1580 1472 1319 1022 1584 1393 1721 1430 1424 1248 1853 1220 1200 1518 1562 1287 1976 1432 1933 1890 1524 1535 1787 1725 1512 1604 1372 1520 1904 1194 1146 1609 1240 1417 1496 1689 1590 1265 1188 1587 1963 1065 1014 1908 1623 1385 1583 1892 1034 1996 1616 1551 1908 1583 1806 1796 1359 1103 1446 1293 1112 1839 1671 1518 1039 1236 1198 1863 1602 1202 1614 1177 1861 1347 1292 1375 1317 1099 1945 1694 1131 1640 1716 1436 1948 1727 1638 1534 1186 1805 1521 1883 BCNSPRNW ULIB Ver.6.0+V

เปลี่ยนเป็นภาษาไทย

Change to English
 แสดงรายละเอียดบรรณานุกรม
  กลับหน้าหลัก

Brief Record : Get Marc (ISO 2709) : E-mail record : QR code < ปิดหน้าต่าง
LEADER : 00000nam 2200000uu 4500
001    13399112191
003     ULIB
008    110729s2543||||th 000 0 tha d
020    9748599825
050 04 HD38.2^bซ712ก 2543
130 0  สามก๊ก
245 10 กลยุทธ์สามก๊ก :^bสรุปบทเรียนความพ่ายแพ้ พลิกฟื้นสู่ชัยชนะ /^c[เซี่ยซูจัง,เรียบเรียง] ; ทองแถม นาถจำนง: แปล
250    พิมพ์ครั้งที่ 13
260    กรุงเทพฯ :^bชุมศิลป์ธรรมดา,^c2543
300    326 หน้า :^bภาพประกอบ ;^c21 ซม
500    พิมพ์ครั้งที่ 1-13 ใช้ชื่อเรื่อง: กลยุทธ์สามก๊ก : คัมภีร์บริหารในภาวะสงคราม
505 2  จุดมุ่งหมาย -- การวางแผน -- การกำหนดนโยบาย -- การจัดองค์กร --การบริหารงานบุคคล -- การนำหรือการอำนวยการ -- การประสานงาน -- การตรวจสอบหรือการควบคุม -- วัตถุปัจจัย -- กฎระเบียบ -- ขวัญกำลังใจ -- ข่าวสารหรือการสื่อสารข้อมูล -- การประชาสัมพันธ์ -- การบริหารสำนักงาน -- การปฏิรูป -- ผลงาน -- การศึกษาค้นคว้า -- วงการธุรกิจญี่ปุ่นสนใจค้นคว้า "สามก๊ก" / เหลียงตั้น -- นักบริหารญี่ปุ่นต้องอ่านวรรณคดีจีนโบราณสามเล่ม -- วัฒนธรรมธุรกิจจีน-ไทย :ยุทธศาสตร์, การจัดการ และสงคราม / Graig J. Reynolds
650  7 พิชัยสงคราม
650  7 ปรัชญาจีน
700 1  เซี่ย, ซูจัง
700 0  ทองแถม นาถจำนง
700 02 เรย์โนลด์, เกร็ก เจ.^tวัฒนธรรมธุรกิจจีน-ไทย : ยุทธศาสตร์, การจัดการและสงคราม
945    ^p250^l0^i013975
945    ^p250^l0^i013976
945    ^p250^l0^i013977
995    ทศพร
999 ^a ทศพร
รายการนี้ยังไม่มีแท็ก
คุณยังไม่ได้ล็อกอิน คุณสามารถมีกิจกรรมร่วมกับเว็บไซต์ได้ แต่ต้องล็อกอินก่อน ::
  ล็อกอิน

รายการสื่อสารสนเทศ

ลำดับที่ ประเภท เลขเรียก/บาร์โค้ด สถานที่ สถานะ
- ไม่พบข้อมูล -

รายการใกล้เคียง
    หัวเรื่อง [พิชัยสงคราม]

BibComment


ยังไม่เคยถูกคอมเมนท์

คอมเมนท์ทรัพยากรรายการนี้
  คอมเมนท์: กลยุทธ์สามก๊ก สร..


 Copyright 2026. Bcnsprnw @Library